00627cam a22002291 4500001001300000003000400013005001700017008004100034010001700075035002000092040001800112042001200130050001900142100003200161245005500193260001100248300001900259546001400278504003100292600005700323999001700380sa 68007156 DLC20260227112520.0891017s1968 ii b 000 0 hino  asa 68007156  a(OCoLC)20501287 aDLCcWaUdDLC apremarc00aPK2098.V3bA791 aMishra, Radheyshyam,d1938-10aMahādevī Varmā aura unakā Ādhunika kavi. c[1968] a271 p.c19 cm. aIn Hindi. aBibliographical footnotes.10aVarmā, Mahādevī,d1907-1987.tĀdhunika kavi. c81670d81670